1780 1223 1048 1675 1658 1019 1990 1259 1663 1525 1242 1954 1005 1934 1361 1652 1966 1567 1827 1556 1587 1519 1334 1853 1064 1816 1036 1435 1956 1018 1132 1458 1546 1112 1267 1857 1244 1429 1153 1575 1660 1525 1159 1739 1329 1432 1428 1560 1915 1347 1341 1035 1580 1163 1748 1952 1129 1104 1436 1403 1601 1227 1724 1004 1459 1821 1556 1386 1321 1869 1288 1476 1295 1705 1424 1497 1943 1054 1511 1305 1409 1770 1982 1100 1705 1370 1789 1410 1427 1816 1223 1876 1037 1833 1988 1518 1263 1362 1443 BCNSPRNW ULIB Ver.6.0+V

เปลี่ยนเป็นภาษาไทย

Change to English
 แสดงรายละเอียดบรรณานุกรม
  กลับหน้าหลัก

Brief Record : Get Marc (ISO 2709) : E-mail record : QR code < ปิดหน้าต่าง
LEADER : 00000nam 2200000uu 4500
001    13399121789
003     ULIB
008    121207s2552||||th 000 0 tha d
020    ^a9786117183232
060 04 ^aWE103^bส739ก 2552
245 00 ^aการเดิน การเคลื่อนย้ายตัว และอุปกรณ์ช่วย /^cสุกัลยาอมตฉายา, วรวรรณ คำฤาชา, บรรณาธิการ
250    ^aพิมพ์ครั้งที่ 1
260    ^aขอนแก่น :^bสายวิชากายภาพบำบัด คณะเทคนิคการแพทย์มหาวิทยาลัยขอนแก่น,^c2552
300    ^aก-ถ, 219 หน้า :^bภาพประกอบ ;^c27 ซม.
504    ^aมีบรรณานุกรมและดรรชนี
536    ^aได้รับทุนสนับสนุนการผลิตตำรา มหาวิทยาลัยขอนแก่น พ.ศ. 2549ลำดับที่ 10
650  7 ^aกายภาพบำบัด
650  7 ^aการเคลื่อนไหวของมนุษย์
650  7 ^aการเดิน
650  7 ^aการฟื้นฟูสมรรถภาพ
700 0  ^aสุกัลยา อมตฉายา^eบรรณาธิการ
700 0  ^aวรวรรณ คำฤาชา^eบรรณาธิการ
710 2  ^aมหาวิทยาลัยขอนแก่น. ^bคณะเทคนิคการแพทย์.^bสายวิชากายภาพบำบัด
945    ^p300^l0^i16782
945    ^p300^l0^i16783
995    ^aกัณชพร
999 ^a ใช้งานได้ทุกระบบ
รายการนี้ยังไม่มีแท็ก
คุณยังไม่ได้ล็อกอิน คุณสามารถมีกิจกรรมร่วมกับเว็บไซต์ได้ แต่ต้องล็อกอินก่อน ::
  ล็อกอิน

รายการสื่อสารสนเทศ

ลำดับที่ ประเภท เลขเรียก/บาร์โค้ด สถานที่ สถานะ
- ไม่พบข้อมูล -

รายการใกล้เคียง
    หัวเรื่อง [กายภาพบำบัด]
    หัวเรื่อง [การเคลื่อนไหวของมนุษย์]
    หัวเรื่อง [การเดิน]
    หัวเรื่อง [การฟื้นฟูสมรรถภาพ]

BibComment


ยังไม่เคยถูกคอมเมนท์

คอมเมนท์ทรัพยากรรายการนี้
  คอมเมนท์: การเดิน การเคลื่..


 Copyright 2026. Bcnsprnw @Library